Easy One Direction Questions - Statistics

General Stats
  • This quiz has been taken 1,753 times
  • The average score is 11 of 12
Answer Stats
Hint Answer % Correct
who has four nipples? harry
100%
who is the youngest band member? harry
100%
who was born on christmas eve? louis
99%
who is the oldest band member? louis
99%
who is the only band member from Ireland? Niall
98%
their bodygaurd? paul
90%
what was the show they started of with? x factor
88%
what show on Nick did they gueststar on ? icarly
85%
what was their first song they sang together torn
85%
what is louis and harrys bromance name? larry stylinson
82%
who has two of the same middle names? niall and liam
72%
what was their first a debut album? what makes you beautiful
58%
No matching quizzes found
Score Distribution
Percent of People with Each Score
Percentile by Number Answered
Your Score History
You have not taken this quiz